| 000 | 00603nam a2200181 i 4500 | ||
|---|---|---|---|
| 001 | 31700 | ||
| 003 | ES-MaACL | ||
| 005 | 20250805063235.0 | ||
| 007 | t| | ||
| 008 | 030129s1970 sp ||||1| spa d | ||
| 100 | 1 |
_aBécquer, Gustavo Adolfo, _d1836-1870 _926974 |
|
| 245 | 1 | 0 |
_aPoética, narrativa, papeles personales / _cGustavo Adolfo Bécquer ; introducción y selección de José María Guelbenzu. |
| 260 |
_aMadrid : _bAlianza, _c[1970] |
||
| 300 |
_a231 p. ; _c18 cm. |
||
| 700 | 1 |
_aGuelbenzu, José María. _960412 |
|
| 852 |
_aES-MaACL _jC-40403 _bR.76319 |
||
| 999 |
_c31700 _d31700 |
||